000 00464nam a2200193Ia 4500
008 210210b1927 xxu||||| |||| 00| 0 eng d
041 _aeng
082 _a822/1212
100 _aTHOMPSON (Francis)
245 _aEssays of yesterday and today
260 _aLondon
_bGeorge G Harrap and Company Limited
_c1927
650 _ayesterday
650 _atoday
650 _aof
650 _aEssays
650 _aand
690 _aEnglish Prose
906 _a013394
999 _c132259
_d132259